[Event "DEM U10 2025"]
[Site "Willingen GER"]
[Date "2025.06.11"]
[Round "6"]
[White "Khadem Aljamea, Adam"]
[Black "Mudriievskyi, Jan"]
[Result "0-1"]
[Termination "normal"]
[Board "8"]
[WhiteElo "1472"]
[BlackElo "1670"]
[WhiteClock "00:49:34"]
[BlackClock "00:07:40"]
[PlyCount "121"]
[WhiteFideId "533012989"]
[BlackFideId "34676473"]
[EventCountry "GER"]
[EventRounds "9"]
[EventType "swiss"]
[EventDate "2025.06.07"]

1. e4 {[%clk 01:30:54]} {[%emt 00:00:04]} c5 {[%clk 01:30:31]} {[%emt
00:00:29]} 2. Nf3 {[%clk 01:30:56]} {[%emt 00:00:29]} e6 {[%clk 01:30:30]}
{[%emt 00:00:30]} 3. d4 {[%clk 01:30:40]} {[%emt 00:00:47]} cxd4 {[%clk
01:30:21]} {[%emt 00:00:38]} 4. Nxd4 {[%clk 01:30:25]} {[%emt 00:00:46]} a6
{[%clk 01:30:23]} {[%emt 00:00:28]} 5. Nc3 {[%clk 01:30:13]} {[%emt 00:00:42]}
Qc7 {[%clk 01:30:18]} {[%emt 00:00:34]} 6. g3 {[%clk 01:29:24]} {[%emt
00:01:20]} Bb4 {[%clk 01:26:39]} {[%emt 00:04:08]} 7. Bd2 {[%clk 01:27:31]}
{[%emt 00:02:24]} Nf6 {[%clk 01:25:57]} {[%emt 00:01:12]} 8. Bg2 {[%clk
01:26:53]} {[%emt 00:01:07]} Nc6 {[%clk 01:24:41]} {[%emt 00:01:46]} 9. Nb3
{[%clk 01:26:14]} {[%emt 00:01:10]} O-O {[%clk 01:20:04]} {[%emt 00:05:06]} 10.
O-O {[%clk 01:24:43]} {[%emt 00:02:01]} Be7 {[%clk 01:18:00]} {[%emt 00:02:35]}
11. Re1 {[%clk 01:23:05]} {[%emt 00:02:08]} d6 {[%clk 01:16:34]} {[%emt
00:01:55]} 12. Qe2 {[%clk 01:21:55]} {[%emt 00:01:40]} Bd7 {[%clk 01:10:28]}
{[%emt 00:06:36]} 13. f4 {[%clk 01:22:03]} {[%emt 00:00:23]} Rad8 {[%clk
00:54:25]} {[%emt 00:16:29]} 14. Rad1 {[%clk 01:19:32]} {[%emt 00:03:04]} Rfe8
{[%clk 00:46:38]} {[%emt 00:08:17]} 15. e5 {[%clk 01:17:45]} {[%emt 00:02:17]}
dxe5 {[%clk 00:46:22]} {[%emt 00:00:46]} 16. fxe5 {[%clk 01:15:17]} {[%emt
00:02:57]} Nd5 {[%clk 00:46:29]} {[%emt 00:00:23]} 17. Nxd5 {[%clk 01:14:39]}
{[%emt 00:01:09]} exd5 {[%clk 00:46:44]} {[%emt 00:00:14]} 18. Bxd5 {[%clk
01:14:46]} {[%emt 00:00:23]} Nxe5 {[%clk 00:43:03]} {[%emt 00:04:11]} 19. Bf4
{[%clk 01:12:05]} {[%emt 00:03:11]} Bf6 {[%clk 00:38:54]} {[%emt 00:04:39]} 20.
Bxe5 {[%clk 01:11:48]} {[%emt 00:00:47]} Bxe5 {[%clk 00:38:54]} {[%emt
00:00:30]} 21. Qf3 {[%clk 01:11:42]} {[%emt 00:00:37]} Qb6+ {[%clk 00:34:18]}
{[%emt 00:05:06]} 22. Kg2 {[%clk 01:11:15]} {[%emt 00:00:57]} Qg6 {[%clk
00:33:42]} {[%emt 00:01:05]} 23. Be4 {[%clk 01:10:28]} {[%emt 00:01:17]} Qe6
{[%clk 00:30:22]} {[%emt 00:03:49]} 24. Bxb7 {[%clk 01:08:35]} {[%emt
00:02:24]} Rb8 {[%clk 00:22:21]} {[%emt 00:08:30]} 25. Bd5 {[%clk 01:07:57]}
{[%emt 00:01:09]} Qh3+ {[%clk 00:20:46]} {[%emt 00:02:05]} 26. Kg1 {[%clk
01:05:26]} {[%emt 00:03:01]} Bg4 {[%clk 00:17:26]} {[%emt 00:03:49]} 27. Qf2
{[%clk 01:01:04]} {[%emt 00:04:52]} Qh5 {[%clk 00:14:17]} {[%emt 00:03:38]} 28.
Rd3 {[%clk 00:59:45]} {[%emt 00:01:50]} Bxb2 {[%clk 00:12:24]} {[%emt
00:02:23]} 29. c4 {[%clk 00:57:02]} {[%emt 00:03:14]} h6 {[%clk 00:09:57]}
{[%emt 00:02:56]} 30. Rf1 {[%clk 00:54:42]} {[%emt 00:02:50]} Bf6 {[%clk
00:09:45]} {[%emt 00:00:42]} 31. Bf3 {[%clk 00:53:21]} {[%emt 00:01:52]} Qg6
{[%clk 00:08:48]} {[%emt 00:01:26]} 32. Re3 {[%clk 00:49:37]} {[%emt 00:04:15]}
Bh3 {[%clk 00:08:12]} {[%emt 00:01:05]} 33. Rxe8+ {[%clk 00:49:14]} {[%emt
00:00:54]} Rxe8 {[%clk 00:08:33]} {[%emt 00:00:08]} 34. Rd1 {[%clk 00:49:14]}
{[%emt 00:00:31]} Bg5 {[%clk 00:08:41]} {[%emt 00:00:22]} 35. Re1 {[%clk
00:48:45]} {[%emt 00:00:58]} Rxe1+ {[%clk 00:08:38]} {[%emt 00:00:33]} 36. Qxe1
{[%clk 00:49:08]} {[%emt 00:00:08]} Qf6 {[%clk 00:08:14]} {[%emt 00:00:54]} 37.
Bd5 {[%clk 00:48:14]} {[%emt 00:01:24]} Be3+ {[%clk 00:07:56]} {[%emt
00:00:48]} 38. Kh1 {[%clk 00:47:57]} {[%emt 00:00:47]} Qg5 {[%clk 00:06:15]}
{[%emt 00:02:12]} 39. Qd1 {[%clk 00:45:44]} {[%emt 00:02:42]} Bg4 {[%clk
00:06:02]} {[%emt 00:00:43]} 40. Qf1 {[%clk 00:45:41]} {[%emt 00:00:33]} Bh5
{[%clk 00:05:43]} {[%emt 00:00:49]} 41. Kg2 {[%clk 00:45:44]} {[%emt 00:00:27]}
Qg6 {[%clk 00:02:45]} {[%emt 00:03:28]} 42. Bf3 {[%clk 00:43:44]} {[%emt
00:02:30]} Qc2+ {[%clk 00:02:44]} {[%emt 00:00:32]} 43. Qe2 {[%clk 00:43:51]}
{[%emt 00:00:23]} Qxe2+ {[%clk 00:03:00]} {[%emt 00:00:14]} 44. Bxe2 {[%clk
00:44:15]} {[%emt 00:00:06]} Bxe2 {[%clk 00:03:21]} {[%emt 00:00:09]} 45. c5
{[%clk 00:44:45]} Bb5 {[%clk 00:03:34]} {[%emt 00:00:16]} 46. Kf3 {[%clk
00:45:10]} {[%emt 00:00:05]} Bg1 {[%clk 00:03:43]} {[%emt 00:00:21]} 47. h3
{[%clk 00:45:27]} {[%emt 00:00:13]} Kf8 {[%clk 00:04:02]} {[%emt 00:00:11]} 48.
Ke4 {[%clk 00:45:51]} {[%emt 00:00:06]} Ke7 {[%clk 00:04:23]} {[%emt 00:00:09]}
49. Kd5 {[%clk 00:46:13]} {[%emt 00:00:08]} Kd7 {[%clk 00:04:38]} {[%emt
00:00:15]} 50. Na5 {[%clk 00:46:19]} {[%emt 00:00:25]} Kc7 {[%clk 00:04:52]}
{[%emt 00:00:16]} 51. g4 {[%clk 00:46:35]} {[%emt 00:00:14]} Bf2 {[%clk
00:04:52]} {[%emt 00:00:29]} 52. a3 {[%clk 00:46:58]} {[%emt 00:00:07]} Bf1
{[%clk 00:05:11]} {[%emt 00:00:11]} 53. c6 {[%clk 00:47:10]} {[%emt 00:00:18]}
Bxh3 {[%clk 00:05:27]} {[%emt 00:00:13]} 54. g5 {[%clk 00:47:24]} {[%emt
00:00:16]} hxg5 {[%clk 00:05:50]} {[%emt 00:00:07]} 55. a4 {[%clk 00:47:44]}
{[%emt 00:00:11]} Be1 {[%clk 00:05:59]} {[%emt 00:00:20]} 56. Nc4 {[%clk
00:48:03]} {[%emt 00:00:12]} Be6+ {[%clk 00:06:23]} {[%emt 00:00:06]} 57. Kc5
{[%clk 00:48:17]} {[%emt 00:00:16]} Bxc4 {[%clk 00:06:39]} {[%emt 00:00:14]}
58. Kxc4 {[%clk 00:48:41]} {[%emt 00:00:06]} g4 {[%clk 00:06:56]} {[%emt
00:00:13]} 59. a5 {[%clk 00:49:00]} {[%emt 00:00:11]} g3 {[%clk 00:07:18]}
{[%emt 00:00:08]} 60. Kd3 {[%clk 00:49:09]} {[%emt 00:00:21]} g2 {[%clk
00:07:40]} {[%emt 00:00:08]} 61. Ke2 {[%clk 00:49:34]} {[%emt 00:00:05]} 0-1

[Event "DEM U10 2025"]
[Site "Willingen GER"]
[Date "2025.06.11"]
[Round "6"]
[White "Stojanoski, Stefan"]
[Black "Grimm, Jakob"]
[Result "1-0"]
[Termination "normal"]
[Board "9"]
[WhiteElo "1670"]
[BlackElo "1698"]
[WhiteClock "00:23:50"]
[BlackClock "00:11:24"]
[PlyCount "107"]
[WhiteFideId "34632948"]
[BlackFideId "34635645"]
[EventCountry "GER"]
[EventRounds "9"]
[EventType "swiss"]
[EventDate "2025.06.07"]

1. e4 {[%clk 01:30:59]} e5 {[%clk 01:30:57]} {[%emt 00:00:04]} 2. Nf3 {[%clk
01:31:24]} {[%emt 00:00:04]} Nc6 {[%clk 01:31:25]} 3. Nc3 {[%clk 01:31:48]}
{[%emt 00:00:09]} Nf6 {[%clk 01:31:51]} 4. d4 {[%clk 01:32:13]} {[%emt
00:00:09]} exd4 {[%clk 01:32:11]} 5. Nd5 {[%clk 01:32:38]} {[%emt 00:00:16]}
Bc5 {[%clk 01:28:29]} 6. Nxf6+ {[%clk 01:32:42]} {[%emt 00:04:38]} Qxf6 {[%clk
01:28:40]} 7. Bd3 {[%clk 01:32:29]} {[%emt 00:01:01]} h6 {[%clk 01:28:34]} 8.
O-O {[%clk 01:28:44]} {[%emt 00:04:51]} d6 {[%clk 01:28:42]} 9. h3 {[%clk
01:13:09]} {[%emt 00:16:26]} Bd7 {[%clk 01:26:21]} 10. Bb5 {[%clk 01:11:36]}
{[%emt 00:04:55]} O-O-O {[%clk 01:26:33]} 11. Re1 {[%clk 01:08:04]} {[%emt
00:04:20]} Rde8 {[%clk 01:23:34]} 12. Bd3 {[%clk 01:04:19]} {[%emt 00:07:45]}
g5 {[%clk 01:22:38]} 13. Nh2 {[%clk 01:03:10]} {[%emt 00:03:04]} h5 {[%clk
01:21:36]} 14. Qf3 {[%clk 01:03:03]} {[%emt 00:02:09]} Qg7 {[%clk 01:20:16]}
15. Qg3 {[%clk 00:56:18]} {[%emt 00:09:04]} f6 {[%clk 01:14:31]} 16. h4 {[%clk
00:55:24]} {[%emt 00:07:41]} Reg8 {[%clk 01:09:16]} 17. hxg5 {[%clk 00:54:00]}
{[%emt 00:07:40]} h4 {[%clk 01:06:42]} 18. Qf3 {[%clk 00:51:03]} {[%emt
00:06:29]} fxg5 {[%clk 01:05:50]} 19. Qe2 {[%clk 00:49:17]} {[%emt 00:03:40]}
g4 {[%clk 01:04:08]} 20. g3 {[%clk 00:48:36]} {[%emt 00:03:22]} Ne5 {[%clk
01:03:30]} {[%emt 00:01:09]} 21. a3 {[%clk 00:47:14]} {[%emt 00:01:52]} Rf8
{[%clk 00:52:56]} {[%emt 00:11:02]} 22. Bf4 {[%clk 00:44:59]} {[%emt 00:02:44]}
Rxf4 {[%emt 00:03:00]} 23. gxf4 {[%clk 00:44:10]} {[%emt 00:01:18]} Nf3+ {[%clk
00:50:30]} {[%emt 00:00:29]} 24. Kh1 {[%clk 00:44:29]} {[%emt 00:00:09]} Nxe1
{[%clk 00:50:50]} {[%emt 00:00:12]} 25. Rxe1 {[%clk 00:44:34]} {[%emt
00:00:24]} g3 {[%clk 00:50:18]} {[%emt 00:01:02]} 26. Rg1 {[%clk 00:44:01]}
{[%emt 00:01:04]} g2+ {[%clk 00:50:43]} {[%emt 00:00:05]} 27. Rxg2 {[%clk
00:44:00]} {[%emt 00:00:30]} Qf7 {[%clk 00:50:44]} {[%emt 00:00:30]} 28. f5
{[%clk 00:43:08]} {[%emt 00:01:22]} Bc6 {[%clk 00:48:45]} 29. Qg4 {[%clk
00:42:22]} {[%emt 00:03:44]} Qf6 {[%clk 00:43:07]} 30. Qg7 {[%clk 00:38:25]}
{[%emt 00:10:35]} Qxg7 {[%clk 00:42:28]} 31. Rxg7 {[%clk 00:38:48]} {[%emt
00:01:16]} Rf8 {[%clk 00:41:43]} 32. Nf3 {[%clk 00:38:08]} {[%emt 00:02:25]} a5
{[%clk 00:41:08]} 33. Ng5 {[%clk 00:36:40]} {[%emt 00:03:03]} Rxf5 {[%clk
00:38:56]} 34. Kg1 {[%clk 00:35:47]} {[%emt 00:04:05]} Rf8 {[%clk 00:37:54]}
35. Ne6 {[%clk 00:31:42]} {[%emt 00:06:06]} Rh8 {[%clk 00:35:00]} 36. Rxc7+
{[%clk 00:30:19]} {[%emt 00:05:19]} Kb8 {[%clk 00:35:20]} 37. Rg7 {[%clk
00:30:26]} {[%emt 00:00:31]} Bb6 {[%clk 00:27:37]} 38. f4 {[%clk 00:28:24]}
{[%emt 00:10:47]} h3 {[%clk 00:18:12]} 39. Kh2 {[%clk 00:28:15]} {[%emt
00:10:33]} Kc8 {[%clk 00:17:02]} 40. f5 {[%clk 00:26:57]} {[%emt 00:03:29]} d5
{[%clk 00:14:16]} 41. f6 {[%clk 00:24:08]} {[%emt 00:06:35]} dxe4 {[%clk
00:09:46]} 42. f7 {[%clk 00:24:08]} Bc7+ {[%clk 00:09:46]} 43. Nxc7 {[%clk
00:24:08]} exd3 {[%clk 00:09:46]} 44. cxd3 {[%clk 00:22:13]} {[%emt 00:11:26]}
Rf8 {[%clk 00:07:51]} 45. Rg8 {[%clk 00:22:29]} {[%emt 00:00:36]} Kxc7 {[%clk
00:08:05]} 46. Rxf8 {[%clk 00:22:29]} Bd5 {[%clk 00:08:05]} 47. Rh8 {[%clk
00:23:03]} {[%emt 00:00:47]} Bxf7 {[%clk 00:08:52]} {[%emt 00:00:09]} 48. Rh7
{[%clk 00:23:29]} {[%emt 00:00:04]} Kc6 {[%clk 00:09:12]} 49. Rxf7 {[%clk
00:23:29]} b6 {[%clk 00:09:12]} 50. Rf5 {[%clk 00:23:29]} b5 {[%clk 00:09:12]}
51. Kxh3 {[%clk 00:23:29]} a4 {[%clk 00:09:12]} 52. Kg4 {[%clk 00:23:29]} Kb6
{[%clk 00:10:59]} {[%emt 00:02:01]} 53. Kf4 {[%clk 00:24:07]} {[%emt 00:00:15]}
Ka5 {[%clk 00:11:24]} {[%emt 00:00:05]} 54. Ke4 {[%clk 00:23:50]} {[%emt
00:00:47]} 1-0

[Event "DEM U10 2025"]
[Site "Willingen GER"]
[Date "2025.06.11"]
[Round "6"]
[White "Durst, Lorenz"]
[Black "Liu, Jonas"]
[Result "1/2-1/2"]
[Termination "normal"]
[Board "10"]
[WhiteElo "1429"]
[BlackElo "1645"]
[WhiteClock "01:07:34"]
[BlackClock "00:04:40"]
[PlyCount "85"]
[WhiteFideId "533043493"]
[BlackFideId "34660941"]
[EventCountry "GER"]
[EventRounds "9"]
[EventType "swiss"]
[EventDate "2025.06.07"]

1. e4 {[%clk 01:30:58]} c5 {[%clk 01:30:20]} {[%emt 00:00:41]} 2. c3 {[%clk
01:31:15]} {[%emt 00:00:14]} d5 {[%clk 01:30:40]} {[%emt 00:00:10]} 3. exd5
{[%clk 01:31:34]} {[%emt 00:00:10]} Qxd5 {[%clk 01:30:54]} {[%emt 00:00:16]} 4.
d4 {[%clk 01:31:50]} {[%emt 00:00:13]} Nc6 {[%clk 01:30:22]} {[%emt 00:01:02]}
5. Nf3 {[%clk 01:31:50]} {[%emt 00:00:29]} Bf5 {[%clk 01:30:25]} {[%emt
00:00:27]} 6. Bd3 {[%clk 01:31:20]} {[%emt 00:01:00]} Bxd3 {[%clk 01:28:32]}
{[%emt 00:02:24]} 7. Qxd3 {[%clk 01:31:43]} {[%emt 00:00:07]} e5 {[%clk
01:28:20]} {[%emt 00:00:42]} 8. c4 {[%clk 01:29:47]} {[%emt 00:02:26]} Qd7
{[%clk 01:17:00]} {[%emt 00:11:50]} 9. d5 {[%clk 01:29:22]} {[%emt 00:00:55]}
O-O-O {[%clk 01:12:38]} {[%emt 00:04:52]} 10. Qb3 {[%clk 01:27:40]} {[%emt
00:02:13]} Nd4 {[%clk 01:08:45]} {[%emt 00:04:22]} 11. Nxd4 {[%clk 01:27:29]}
{[%emt 00:00:40]} exd4 {[%clk 01:00:55]} {[%emt 00:08:20]} 12. O-O {[%clk
01:27:45]} {[%emt 00:00:14]} Bd6 {[%clk 00:59:52]} {[%emt 00:01:34]} 13. Nd2
{[%clk 01:23:01]} {[%emt 00:05:12]} Nf6 {[%clk 00:58:44]} {[%emt 00:01:39]} 14.
Nf3 {[%clk 01:21:37]} {[%emt 00:01:53]} h6 {[%clk 00:57:23]} {[%emt 00:01:50]}
15. Re1 {[%clk 01:19:38]} {[%emt 00:02:28]} Rhe8 {[%clk 00:55:13]} {[%emt
00:02:41]} 16. Bd2 {[%clk 01:14:49]} {[%emt 00:05:18]} g5 {[%clk 00:49:42]}
{[%emt 00:06:02]} 17. h3 {[%clk 01:14:31]} {[%emt 00:00:48]} g4 {[%clk
00:47:28]} {[%emt 00:02:45]} 18. hxg4 {[%clk 01:14:00]} {[%emt 00:01:00]} Qxg4
{[%clk 00:44:23]} {[%emt 00:03:36]} 19. Rxe8 {[%clk 01:12:22]} {[%emt
00:02:08]} Rxe8 {[%clk 00:44:45]} {[%emt 00:00:08]} 20. Nh2 {[%clk 01:12:03]}
{[%emt 00:00:49]} Qh5 {[%clk 00:40:55]} {[%emt 00:04:19]} 21. Qh3+ {[%clk
01:11:42]} {[%emt 00:00:52]} Qxh3 {[%clk 00:41:18]} {[%emt 00:00:07]} 22. gxh3
{[%clk 01:12:06]} {[%emt 00:00:05]} Re2 {[%clk 00:41:33]} {[%emt 00:00:15]} 23.
Nf3 {[%clk 01:11:22]} {[%emt 00:01:15]} Ne4 {[%clk 00:37:26]} {[%emt 00:04:37]}
24. Bxh6 {[%clk 01:10:10]} {[%emt 00:01:42]} Nxf2 {[%clk 00:36:19]} {[%emt
00:01:36]} 25. Kf1 {[%clk 01:09:31]} {[%emt 00:01:09]} Rxb2 {[%clk 00:36:38]}
{[%emt 00:00:12]} 26. Bc1 {[%clk 01:09:35]} {[%emt 00:00:26]} Rc2 {[%clk
00:34:00]} {[%emt 00:03:07]} 27. Ne1 {[%clk 01:09:11]} {[%emt 00:00:54]} Rxc1
{[%clk 00:33:40]} {[%emt 00:00:49]} 28. Rxc1 {[%clk 01:09:31]} {[%emt
00:00:11]} Nxh3 {[%clk 00:34:03]} {[%emt 00:00:07]} 29. Nd3 {[%clk 01:09:43]}
{[%emt 00:00:18]} Nf4 {[%clk 00:34:10]} {[%emt 00:00:23]} 30. Rd1 {[%clk
01:09:49]} {[%emt 00:00:24]} Nxd3 {[%clk 00:34:29]} {[%emt 00:00:11]} 31. Rxd3
{[%clk 01:10:13]} {[%emt 00:00:06]} f6 {[%clk 00:34:23]} {[%emt 00:00:36]} 32.
a4 {[%clk 01:09:54]} {[%emt 00:00:40]} b6 {[%clk 00:29:42]} {[%emt 00:05:20]}
33. Rh3 {[%clk 01:10:07]} {[%emt 00:00:17]} Kb7 {[%clk 00:26:41]} {[%emt
00:03:31]} 34. Ra3 {[%clk 01:09:57]} {[%emt 00:00:40]} Ka6 {[%clk 00:26:47]}
{[%emt 00:00:24]} 35. Ke2 {[%clk 01:09:55]} {[%emt 00:00:32]} Ka5 {[%clk
00:27:02]} {[%emt 00:00:16]} 36. Kd3 {[%clk 01:10:14]} {[%emt 00:00:10]} Kb4
{[%clk 00:27:20]} {[%emt 00:00:13]} 37. Ra1 {[%clk 01:10:34]} {[%emt 00:00:10]}
f5 {[%clk 00:27:35]} {[%emt 00:00:14]} 38. Rf1 {[%clk 01:10:12]} {[%emt
00:00:46]} f4 {[%clk 00:24:18]} {[%emt 00:03:54]} 39. Rf2 {[%clk 01:10:05]}
{[%emt 00:00:37]} Bb8 {[%clk 00:21:04]} {[%emt 00:03:44]} 40. Re2 {[%clk
01:07:41]} {[%emt 00:02:55]} Kxa4 {[%clk 00:15:21]} {[%emt 00:06:13]} 41. Re8
{[%clk 01:07:29]} {[%emt 00:00:42]} Bd6 {[%clk 00:14:18]} {[%emt 00:01:33]} 42.
Re6 {[%clk 01:07:33]} {[%emt 00:00:24]} Bb8 {[%clk 00:04:40]} {[%emt 00:10:09]}
43. Re8 {[%clk 01:07:34]} {[%emt 00:00:22]} 1/2-1/2

[Event "DEM U10 2025"]
[Site "Willingen GER"]
[Date "2025.06.11"]
[Round "6"]
[White "Blem, Alexander jun."]
[Black "Stopp, Bruno"]
[Result "1-0"]
[Termination "normal"]
[Board "11"]
[WhiteElo "1417"]
[BlackElo "1519"]
[WhiteClock "00:12:46"]
[BlackClock "00:02:45"]
[PlyCount "105"]
[WhiteFideId "34674926"]
[BlackFideId "34640347"]
[EventCountry "GER"]
[EventRounds "9"]
[EventType "swiss"]
[EventDate "2025.06.07"]

1. e4 {[%clk 01:30:59]} e5 {[%clk 01:30:55]} {[%emt 00:00:05]} 2. Nf3 {[%clk
01:31:21]} {[%emt 00:00:08]} Nc6 {[%clk 01:31:19]} {[%emt 00:00:06]} 3. Bb5
{[%clk 01:31:47]} {[%emt 00:00:04]} Bc5 {[%clk 01:31:41]} {[%emt 00:00:08]} 4.
O-O {[%clk 01:32:12]} {[%emt 00:00:05]} Nf6 {[%clk 01:31:53]} {[%emt 00:00:18]}
5. Nxe5 {[%clk 01:30:26]} {[%emt 00:02:16]} O-O {[%clk 01:27:07]} {[%emt
00:05:15]} 6. Bxc6 {[%clk 01:30:27]} {[%emt 00:00:29]} dxc6 {[%clk 01:27:16]}
{[%emt 00:00:22]} 7. d3 {[%clk 01:30:54]} {[%emt 00:00:03]} Re8 {[%clk
01:27:12]} {[%emt 00:00:34]} 8. Nf3 {[%clk 01:31:20]} {[%emt 00:00:04]} h6
{[%clk 01:25:49]} {[%emt 00:01:53]} 9. h3 {[%clk 01:31:22]} {[%emt 00:00:29]}
Be6 {[%clk 01:25:49]} {[%emt 00:00:29]} 10. Nc3 {[%clk 01:31:43]} {[%emt
00:00:10]} Qd7 {[%clk 01:25:41]} {[%emt 00:00:38]} 11. Bf4 {[%clk 01:31:50]}
{[%emt 00:00:23]} Rad8 {[%clk 01:25:17]} {[%emt 00:00:54]} 12. Qd2 {[%clk
01:18:43]} {[%emt 00:13:53]} Qc8 {[%clk 01:18:20]} {[%emt 00:07:27]} 13. Rad1
{[%clk 01:11:32]} {[%emt 00:07:41]} Bc4 {[%clk 01:09:55]} {[%emt 00:08:55]} 14.
Bxh6 {[%clk 00:53:29]} {[%emt 00:18:33]} Nh7 {[%clk 00:43:32]} {[%emt
00:26:51]} 15. Bf4 {[%clk 00:49:30]} {[%emt 00:04:30]} Ba6 {[%clk 00:42:58]}
{[%emt 00:01:04]} 16. Rfe1 {[%clk 00:48:39]} {[%emt 00:01:21]} Nf8 {[%clk
00:39:52]} {[%emt 00:03:36]} 17. a3 {[%clk 00:42:29]} {[%emt 00:06:42]} Be7
{[%clk 00:29:54]} {[%emt 00:10:26]} 18. Qc1 {[%clk 00:35:04]} {[%emt 00:07:54]}
c5 {[%clk 00:29:48]} {[%emt 00:00:38]} 19. Nd5 {[%clk 00:30:07]} {[%emt
00:05:27]} Ne6 {[%clk 00:26:07]} {[%emt 00:04:10]} 20. Ng5 {[%clk 00:25:12]}
{[%emt 00:05:25]} Bd6 {[%clk 00:20:05]} {[%emt 00:06:32]} 21. Bxd6 {[%clk
00:23:38]} {[%emt 00:02:05]} Rxd6 {[%clk 00:18:56]} {[%emt 00:01:39]} 22. Nxe6
{[%clk 00:23:22]} {[%emt 00:00:46]} Rexe6 {[%clk 00:13:27]} {[%emt 00:05:58]}
23. Re3 {[%clk 00:22:16]} {[%emt 00:01:36]} c6 {[%clk 00:12:00]} {[%emt
00:01:58]} 24. Nc3 {[%clk 00:22:40]} {[%emt 00:00:06]} Rg6 {[%clk 00:12:12]}
{[%emt 00:00:17]} 25. Rf3 {[%clk 00:21:40]} {[%emt 00:01:31]} Qd8 {[%clk
00:09:50]} {[%emt 00:02:51]} 26. Qe3 {[%clk 00:20:11]} {[%emt 00:01:59]} b6
{[%clk 00:07:44]} {[%emt 00:02:36]} 27. Ne2 {[%clk 00:15:49]} {[%emt 00:04:51]}
c4 {[%clk 00:02:23]} {[%emt 00:05:52]} 28. d4 {[%clk 00:16:10]} {[%emt
00:00:10]} c3 {[%clk 00:01:38]} {[%emt 00:01:14]} 29. Nxc3 {[%clk 00:16:27]}
{[%emt 00:00:12]} Rg5 {[%clk 00:01:07]} {[%emt 00:01:01]} 30. Qf4 {[%clk
00:13:17]} {[%emt 00:03:40]} Bc4 {[%clk 00:00:55]} {[%emt 00:00:42]} 31. b3
{[%clk 00:12:11]} {[%emt 00:01:36]} Be6 {[%clk 00:01:14]} {[%emt 00:00:11]} 32.
e5 {[%clk 00:12:15]} {[%emt 00:00:26]} Rd7 {[%clk 00:01:13]} {[%emt 00:00:31]}
33. Ne4 {[%clk 00:12:36]} {[%emt 00:00:10]} Rf5 {[%clk 00:01:27]} {[%emt
00:00:16]} 34. Qe3 {[%clk 00:11:23]} {[%emt 00:01:43]} Rxf3 {[%clk 00:01:51]}
{[%emt 00:00:06]} 35. gxf3 {[%clk 00:11:49]} {[%emt 00:00:03]} Bxh3 {[%clk
00:02:01]} {[%emt 00:00:20]} 36. f4 {[%clk 00:11:50]} {[%emt 00:00:29]} Bf5
{[%clk 00:02:06]} {[%emt 00:00:25]} 37. c4 {[%clk 00:10:53]} {[%emt 00:01:28]}
Qh4 {[%clk 00:01:31]} {[%emt 00:01:04]} 38. Rd2 {[%clk 00:10:20]} {[%emt
00:01:04]} Qg4+ {[%clk 00:01:06]} {[%emt 00:00:55]} 39. Qg3 {[%clk 00:09:35]}
{[%emt 00:01:14]} Qh5 {[%clk 00:00:43]} {[%emt 00:00:53]} 40. Nf6+ {[%clk
00:10:02]} {[%emt 00:00:04]} Kf8 {[%clk 00:00:57]} {[%emt 00:00:16]} 41. Nxh5
{[%clk 00:10:28]} {[%emt 00:00:04]} Bg6 {[%clk 00:01:00]} {[%emt 00:00:26]} 42.
Nxg7 {[%clk 00:10:22]} {[%emt 00:00:36]} Kg8 {[%clk 00:00:36]} {[%emt
00:00:54]} 43. Nh5 {[%clk 00:10:12]} {[%emt 00:00:40]} Kf8 {[%clk 00:00:55]}
{[%emt 00:00:12]} 44. Nf6 {[%clk 00:10:38]} {[%emt 00:00:04]} Rd8 {[%clk
00:01:01]} {[%emt 00:00:21]} 45. d5 {[%clk 00:10:47]} {[%emt 00:00:24]} cxd5
{[%clk 00:01:21]} {[%emt 00:00:09]} 46. Rxd5 {[%clk 00:11:13]} {[%emt
00:00:04]} Rc8 {[%clk 00:01:22]} {[%emt 00:00:29]} 47. Qh4 {[%clk 00:11:28]}
{[%emt 00:00:14]} Kg7 {[%clk 00:01:33]} {[%emt 00:00:17]} 48. Qg5 {[%clk
00:11:50]} {[%emt 00:00:10]} Rh8 {[%clk 00:01:54]} {[%emt 00:00:09]} 49. f5
{[%clk 00:12:15]} {[%emt 00:00:06]} Rh6 {[%clk 00:02:15]} {[%emt 00:00:08]} 50.
Rd8 {[%clk 00:12:11]} {[%emt 00:00:34]} Rh8 {[%clk 00:02:13]} {[%emt 00:00:32]}
51. Rxh8 {[%clk 00:11:55]} {[%emt 00:00:46]} Kxh8 {[%clk 00:02:34]} {[%emt
00:00:09]} 52. Qh6+ {[%clk 00:12:23]} {[%emt 00:00:03]} Bh7 {[%clk 00:02:45]}
{[%emt 00:00:18]} 53. Qxh7# {[%clk 00:12:46]} {[%emt 00:00:07]} 1-0